01326nas a2200229Ia 4500001001100000003000900011008004100020040001300061040001300074041001500087100004800102210001800150222001800168245031500186250001100501260002200512501008600534300001800620362014700638500026800785650004301053R152/K0151IT-RoPAU151124c99999999xx |||||||||||| ||und|| aIT-RoPAU cIT-RoPAU aITALIANO  aCaramagno AntoniogCodice Aut. SPICS: 60082 aPARABOLA (LA) aParabola (La) aPARABOLA (LA), ANNO 7-N.19 (GIUGNO 2010) bQuale Etica Per la Comunicazione?  a1a ed. aROMAbAIARTc2010 bPaulus - SPICS - Società San Paolo EM (non-commercial uses only)cCopyright2015 a20 p. [57-76] aANNO 007, N.19 (GIUGNO 2010)  aOgni Comunicazione Implica una Morale. Competenza Etica nella Società dell'Informazione: Quantità e Qualità Delle Informazioni; Valore della Verità Nell'Informazione; Quale Etica per Comunicazione? Cosa Vuol Dire Comunicare Bene? Modello Standard di Comun aCOMUNICAZIONEvPUBBLICAZIONE PERIODICA